<?xml version="1.0" encoding="UTF-8"?>
<collection xmlns="http://www.loc.gov/MARC21/slim">
<record>
  <controlfield tag="001">149805</controlfield>
  <controlfield tag="005">20251017144646.0</controlfield>
  <datafield tag="024" ind1="8" ind2=" ">
    <subfield code="2">sideral</subfield>
    <subfield code="a">142221</subfield>
  </datafield>
  <datafield tag="037" ind1=" " ind2=" ">
    <subfield code="a">ART-2022-142221</subfield>
  </datafield>
  <datafield tag="041" ind1=" " ind2=" ">
    <subfield code="a">spa</subfield>
  </datafield>
  <datafield tag="100" ind1=" " ind2=" ">
    <subfield code="a">Antoñanzas Serrano, Alma</subfield>
  </datafield>
  <datafield tag="245" ind1=" " ind2=" ">
    <subfield code="a">Los determinantes sociales de la salud y su influencia en la incidencia de la COVID-19. Una revisión narrativa</subfield>
  </datafield>
  <datafield tag="260" ind1=" " ind2=" ">
    <subfield code="c">2022</subfield>
  </datafield>
  <datafield tag="506" ind1="0" ind2=" ">
    <subfield code="a">Access copy available to the general public</subfield>
    <subfield code="f">Unrestricted</subfield>
  </datafield>
  <datafield tag="520" ind1="3" ind2=" ">
    <subfield code="a">Objetivo: el objetivo de esta revisión es analizar y conocer si los determinantes sociales influyen en la incidencia de la COVID-19.

Métodos: se llevó a cabo una revisión sistemática exploratoria para obtener una visión general de la evidencia disponible hasta la fecha. La búsqueda bibliográfica se hizo en la base de datos PubMed y se seleccionaron 15 estudios (14 de tipo ecológico y 1 de tipo transversal) procedentes de 6 países diferentes, que cumplían los criterios de inclusión por su relevancia.

Resultados: se observó asociación entre varios determinantes sociales (medidos de forma aislada o a través de índices de vulnerabilidad) y la incidencia de la COVID-19 en diferentes territorios. Un bajo nivel de ingresos, el hacinamiento, las malas condiciones de vivienda, la pobreza material y pertenecer a determinadas etnias se asociaron a una incidencia mayor. Dos estudios mostraron una incidencia superior en mujeres, dada su presencia como trabajadoras en el sistema sanitario y en el ámbito de cuidados familiares. En cuanto al empleo y el nivel educativo, la asociación resultó ser menos robusta.

Conclusiones: los determinantes sociales de la salud como la raza/etnia, la renta, el género, las condiciones de vivienda o el nivel socioeconómico influyen en la distribución de la COVID-19, de forma que aumenta la incidencia en aquellos territorios vulnerables para dichos factores.</subfield>
  </datafield>
  <datafield tag="540" ind1=" " ind2=" ">
    <subfield code="9">info:eu-repo/semantics/openAccess</subfield>
    <subfield code="a">by-nc-nd</subfield>
    <subfield code="u">https://creativecommons.org/licenses/by-nc-nd/4.0/deed.es</subfield>
  </datafield>
  <datafield tag="655" ind1=" " ind2="4">
    <subfield code="a">info:eu-repo/semantics/article</subfield>
    <subfield code="v">info:eu-repo/semantics/publishedVersion</subfield>
  </datafield>
  <datafield tag="700" ind1=" " ind2=" ">
    <subfield code="a">Gimeno Feliu, Luis Andrés</subfield>
    <subfield code="u">Universidad de Zaragoza</subfield>
    <subfield code="0">(orcid)0000-0003-2928-6623</subfield>
  </datafield>
  <datafield tag="710" ind1="2" ind2=" ">
    <subfield code="1">1007</subfield>
    <subfield code="2">610</subfield>
    <subfield code="a">Universidad de Zaragoza</subfield>
    <subfield code="b">Dpto. Medicina, Psiqu. y Derm.</subfield>
    <subfield code="c">Area Medicina</subfield>
  </datafield>
  <datafield tag="773" ind1=" " ind2=" ">
    <subfield code="g">15, 1 (2022), 12-19</subfield>
    <subfield code="p">Rev. clín. med. fam.</subfield>
    <subfield code="t">Revista clínica de medicina de familia</subfield>
    <subfield code="x">1699-695X</subfield>
  </datafield>
  <datafield tag="856" ind1="4" ind2=" ">
    <subfield code="s">248586</subfield>
    <subfield code="u">http://zaguan.unizar.es/record/149805/files/texto_completo.pdf</subfield>
    <subfield code="y">Versión publicada</subfield>
  </datafield>
  <datafield tag="856" ind1="4" ind2=" ">
    <subfield code="s">2255899</subfield>
    <subfield code="u">http://zaguan.unizar.es/record/149805/files/texto_completo.jpg?subformat=icon</subfield>
    <subfield code="x">icon</subfield>
    <subfield code="y">Versión publicada</subfield>
  </datafield>
  <datafield tag="856" ind1="4" ind2="1">
    <subfield code="u">https://scielo.isciii.es/scielo.php?script=sci_arttext&amp;pid=S1699-695X2022000100004</subfield>
    <subfield code="z">Texto completo de la revista</subfield>
  </datafield>
  <datafield tag="909" ind1="C" ind2="O">
    <subfield code="o">oai:zaguan.unizar.es:149805</subfield>
    <subfield code="p">articulos</subfield>
    <subfield code="p">driver</subfield>
  </datafield>
  <datafield tag="951" ind1=" " ind2=" ">
    <subfield code="a">2025-10-17-14:33:57</subfield>
  </datafield>
  <datafield tag="980" ind1=" " ind2=" ">
    <subfield code="a">ARTICLE</subfield>
  </datafield>
</record>
</collection>